| 000 | 00533nam a2200193 a 4500 | ||
|---|---|---|---|
| 005 | 20210219150152.0 | ||
| 008 | 991125s2000 ea 000 0 eng u | ||
| 020 | _a0750709979 | ||
| 035 | _aUPN01000008676 | ||
| 049 | _aCG | ||
| 050 | 4 |
_aLC3731 _bG6.2 |
|
| 100 | 1 | _aGordon, June A. | |
| 245 | 1 | 4 |
_aThe color of teaching / _cJune A. Gordon. |
| 260 |
_aLondon : _bRoutledge Falmer, _c2000. |
||
| 300 | _a128 p. | ||
| 440 | 0 | _aEducational change and development | |
| 650 | 4 |
_aMINORIAS - _xEDUCACION - _zESTADOS UNIDOS |
|
| 905 | _aLibro | ||
| 999 |
_c8676 _d8676 |
||